zpět

Detail výsledku týmu

The Pub Praha 2 PO, Praha

Datum a čas kvízu

28 Celkem bodů Celkový počet nahraných bodů na tomto kvízu bez doplňovacích otázek.
10. Pořadí na kvízu Konečné umístění týmu na tomto kvízu.

Zaznamenané odpovědi

# Otázka Odpověď Body Výsledky
1. Česká armáda se minulý týden r... Jak-40 0
2. V belgickém městě Verviers se... srdce 0
3. Poté, co očekávaný hollywoodsk... Mulan 1
4. Automobilka Škoda minulé úterý... Enyaq 1
5. Úterní etapu Tour de France vy... penalizace (za nepovolené občerstvování) 0
6. „Arktida přinutí člověka, aby... Robert Peary 0
7. Snahy o prozkoumání polárních... William Baffin 0
8. Britský horolezec George Mallo... Nanga Parbat 0
9. Roku 1938 byla poprvé pokořena... Heinrich Harrer, Sedm let v Tibetu 0.5
10. Podmořští výzkumníci Jacques P... batyskaf 1